Pramana (Record no. 22546)

MARC details
000 -LEADER
fixed length control field 01714nam a22004697a 4500
001 - CONTROL NUMBER
control field 11185381
005 - DATE AND TIME OF LATEST TRANSACTION
control field 20150521160751.0
008 - FIXED-LENGTH DATA ELEMENTS--GENERAL INFORMATION
fixed length control field 740425c19739999ii mr p 0 0eng
010 ## - LIBRARY OF CONGRESS CONTROL NUMBER
LC control number 74929509
016 ## - NATIONAL BIBLIOGRAPHIC AGENCY CONTROL NUMBER
Record control number 101261874
Source DNLM
022 ## - INTERNATIONAL STANDARD SERIAL NUMBER
International Standard Serial Number 0304-4289
030 ## - CODEN DESIGNATION
CODEN PRAMCI
035 ## - SYSTEM CONTROL NUMBER
System control number (OCoLC)ocm01797824
037 ## - SOURCE OF ACQUISITION
Source of stock number/acquisition (c/o Indian Academy of Sciences) 560006
040 ## - CATALOGING SOURCE
Original cataloging agency DLC
Transcribing agency DLC
Modifying agency OCoLC
-- DLC
-- OCoLC
-- OCoLC
-- AIP
-- NST
-- AIP
-- NST
-- AIP
-- NST
-- MCM
-- InU
-- OCoLC
-- DLC
-- CU-S
-- DNLM
-- MCM
042 ## - AUTHENTICATION CODE
Authentication code lc
050 ## - LIBRARY OF CONGRESS CALL NUMBER
Classification number QC1
Item number .P8835
082 ## - DEWEY DECIMAL CLASSIFICATION NUMBER
Classification number 530
210 ## - ABBREVIATED TITLE
Abbreviated title Pramāṇa
222 ## - KEY TITLE
Key title Pramāṇa
245 ## - TITLE STATEMENT
Title Pramana
Remainder of title journal of physics
246 ## - VARYING FORM OF TITLE
Title proper/short title Pramāṇa journal of physics
260 ## - PUBLICATION, DISTRIBUTION, ETC. (IMPRINT)
Place of publication, distribution, etc Bangalore
Name of publisher, distributor, etc Indian Academy of Science
Date of publication, distribution, etc 2008-
300 ## - PHYSICAL DESCRIPTION
Extent v.
Other physical details ill.
Dimensions 26 cm.
310 ## - CURRENT PUBLICATION FREQUENCY
Current publication frequency Monthly
362 ## - DATES OF PUBLICATION AND/OR SEQUENTIAL DESIGNATION
Dates of publication and/or sequential designation Began with issue for July 1973.
Source of information Cf. New serial titles.
500 ## - GENERAL NOTE
General note "A journal of physics."
510 ## - CITATION/REFERENCES NOTE
Name of source Chemical abstracts
International Standard Serial Number 0009-2258
530 ## - ADDITIONAL PHYSICAL FORM AVAILABLE NOTE
Additional physical form available note Also issued online.
550 ## - ISSUING BODY NOTE
Issuing body note Published by the Indian Academy of Sciences, the Indian Physics Association and the Indian National Science Academy.
590 ## - LOCAL NOTE (RLIN)
Local note SERBIB/SERLOC merged record
650 ## - SUBJECT ADDED ENTRY--TOPICAL TERM
Topical term or geographic name as entry element Physics
Form subdivision Periodicals.
710 ## - ADDED ENTRY--CORPORATE NAME
Corporate name or jurisdiction name as entry element Indian Academy of Sciences.
710 ## - ADDED ENTRY--CORPORATE NAME
Corporate name or jurisdiction name as entry element Indian Physics Association.
710 ## - ADDED ENTRY--CORPORATE NAME
Corporate name or jurisdiction name as entry element Indian National Science Academy.
776 ## - ADDITIONAL PHYSICAL FORM ENTRY
Title Pramāṇa (Online)
Record control number (DLC) 2003252208
-- (OCoLC)51300167
906 ## - LOCAL DATA ELEMENT F, LDF (RLIN)
a 7
b cbc
c serials
d 4
e ncip
f 19
g n-oclcserc
942 ## - ADDED ENTRY ELEMENTS (KOHA)
Source of classification or shelving scheme Dewey Decimal Classification
Item type Periodicals
Classification part 530
Call number suffix PRA
Serial record 1
Holdings
Withdrawn status Lost status Source of classification or shelving scheme Damaged status Not for loan Collection code Home library Current library Date acquired Total Checkouts Full call number Date last seen Price effective from Koha item type
    Dewey Decimal Classification   Not For Loan Non-fiction D.B.Act.Division D.B.Act.Division 28/01/2009   530 PRA 28/01/2009 28/01/2009 Periodicals

© Delhi Public Library
Hit Counter
free hit counter